Movies Quiz

Random Movies or Lyrics Quiz

Stu's Song (The Hangover) Quiz Stats

 Plays Quiz not verified by Sporcle

Challenge
Share
Tweet
Embed
Score 0/87 Timer 04:00
0 Plays Today
% Correct
What
98.8%
do
98.6%
tigers
98.6%
dream
98.6%
of
98.3%
when
97.6%
they
97.6%
take
94.2%
little
91.4%
tiger
91.4%
snooze
90.6%
they
90.4%
Do
90.2%
dream
90.2%
of
90.2%
zebras
87.3%
or
87.3%
in
84.2%
a
83.9%
mauling
83.9%
her
83.2%
suit
82.7%
Berry
82.5%
catwoman
82.5%
Halle
79.6%
worry
75.8%
Don't
75.5%
you
75.5%
your
72.7%
% Correct
you
67.6%
get
67.4%
back
67.4%
to
67.4%
head
67.1%
we're
67.1%
Tyson
66.9%
your
66.4%
pretty
66.2%
gonna
65.9%
tiger
65.7%
bed
65.7%
and
65.5%
And
65.5%
then
65.2%
we're
64.7%
Doug
64.5%
find
64.3%
best
64.3%
our
64%
friend
64%
and
63.8%
gonna
63.5%
then
62.1%
we're
61.6%
cozy
61.4%
give
61.4%
hug
61.4%
him
61.2%
% Correct
best
61.2%
friend
61.2%
gonna
60.9%
Doug
60.7%
Doug
60.2%
Doug
54.4%
a
54.2%
Oh
49.4%
stripped
48.9%
of
46.3%
luck
46.3%
out
46%
Doug
45.8%
if
45.8%
we're
45.6%
****
45.6%
Doug
45.3%
then
45.3%
by
44.4%
he's
44.1%
been
43.6%
meth
42.9%
But
42.7%
crystal
42.4%
murdered
42.2%
Douggie
41.7%
well
41.5%
Douggie
39.8%
tweekers
35.3%

You're not logged in!

Compare scores with friends on all Sporcle quizzes.
Join for Free
OR
Log In

You Might Also Like...

Show Comments

Extras

Top Quizzes Today


Score Distribution

Your Account Isn't Verified!

In order to create a playlist on Sporcle, you need to verify the email address you used during registration. Go to your Sporcle Settings to finish the process.

Report this User

Report this user for behavior that violates our Community Guidelines.

Details: